| 000 | 01014nam a2200265 i 4500 | ||
|---|---|---|---|
| 001 | 14454 | ||
| 003 | ES-MaACL | ||
| 005 | 20230906150821.0 | ||
| 007 | t| | ||
| 008 | 990316s1992 sp ||||1| spa d | ||
| 020 | _a84-606-0551-5 | ||
| 080 | _a75.036(460)(064.3) | ||
| 080 | _a73.036(460)(064.3) | ||
| 245 | 0 | 0 |
_aTierra de nadie _b: José Manuel Ballester... / _c[textos, Javier Mazorra, Catherine Coleman]. |
| 260 |
_aMadrid : _bAyuntamiento, Concejalía de Cultura, _c1992. |
||
| 300 |
_a186 p. : _bil. col. y n. ; _c25 cm. |
||
| 500 | _aExposición celebrada en el Centro Cultural de la Villa, del 16 de enero al 23 de febrero de 1992. | ||
| 650 | 4 |
_aPintura española- _yS.XX- _vExposiciones. _916043 |
|
| 650 | 4 |
_aEscultura española- _yS.XX- _vExposiciones. _912438 |
|
| 655 | 7 |
_2tgfbne _9193628 _aCatálogos de exposiciones |
|
| 710 | 2 |
_aFernán Gomez. Centro Cultural de la Villa (Madrid) _9161980 |
|
| 852 |
_aES-MaACL _jL-21693 _bR.120993 |
||
| 942 | _2udc | ||
| 999 |
_c14454 _d14454 |
||